|
|
|
|
| LEADER |
00000nam a2200000 a 4500 |
| 001 |
vtls008349945 |
| 003 |
SK-MaSNL |
| 005 |
20260301044530.0 |
| 008 |
240314s1974 xo da e n 000 0 slo |
| 015 |
|
|
|a SKSNBA1974/12-03099
|
| 035 |
|
|
|a SK01SNK19740042162
|
| 035 |
|
|
|a SKM000044625
|
| 040 |
|
|
|a SNK
|b slo
|c SNK
|e AACR2
|
| 041 |
0 |
|
|a slo
|
| 044 |
|
|
|a xo
|c SK
|
| 080 |
|
|
|a 528.7(075.8)
|2 1981
|
| 100 |
1 |
|
|a Gál, Pavol,
|d 1914-1979
|4 aut
|9 37277
|
| 245 |
1 |
0 |
|a Fotogrametria pre postgraduálne štúdium "Projektovanie ciest a diaľníc"
|b vybrané state
|c Pavel Gál
|
| 250 |
|
|
|a 1. vyd., 1. dotl.
|
| 260 |
|
|
|a Bratislava
|b Slovenská vysoká škola technická
|c 1974
|
| 300 |
|
|
|a 144, [1] s.
|b grafy, sch., tab.
|c 4°
|
| 366 |
|
|
|e 100 výt.
|
| 500 |
|
|
|a Pozn.
|
| 504 |
|
|
|a Bibliogr. odkazy
|
| 650 |
0 |
7 |
|a fotogrametria
|2 SNKPH
|9 15396
|
| 655 |
|
7 |
|a učebnice vysokých škôl
|2 SNKPH
|9 70191
|
| 958 |
|
|
|a OND
|
| 958 |
|
|
|a RM
|
| 958 |
|
|
|a RK
|
| 958 |
|
|
|a NB
|
| 958 |
|
|
|a UV
|
| 999 |
|
|
|c 596221
|d 598151
|
| 952 |
|
|
|a SNK
|b SNK
|y PREZ
|7 0
|p 17A0920270
|o snkSB 21654
|i snkKSP 862/75
|0 0
|1 0
|4 0
|d 2014-04-25
|f 1
|l 0
|r 2025-03-25 00:00:00
|w 2026-02-23
|
| 952 |
|
|
|a SNK
|b SNK
|y VYP
|7 0
|o snkSB 21654 D1
|i snkKSP 863/75
|0 0
|1 0
|4 0
|d 2014-04-25
|l 0
|r 2026-02-23 15:39:17
|w 2026-02-23
|